| 000 | 00339 a2200133 4500 | ||
|---|---|---|---|
| 003 | Nust | ||
| 005 | 20170207154227.0 | ||
| 040 | _cNust | ||
| 082 | _a371.33 | ||
| 100 | _aSultan, Maria | ||
| 245 |
_aGuest Speaker Maria Sultan (VHS-218) _cMaria Sultan |
||
| 440 | _aGuest Speaker Maria Sultan (VHS-218) | ||
| 538 | _aDuration 98 Mins | ||
| 650 | _aLecture--Maria Sultan | ||
| 999 |
_c195608 _d195608 |
||